Amenidades, florestas y recreos de la provincia de la Vera, alta y baja en la Extremadura / (Record no. 28075)

MARC details
000 -LEADER
campo de control de longitud fija 00692nam a2200181 i 4500
001 - NÚMERO DE CONTROL
campo de control 28075
003 - IDENTIFICADOR DE NÚMERO DE CONTROL
campo de control ES-MaACL
005 - FECHA Y HORA DE LA ÚLTIMA TRANSACCIÓN
campo de control 20250927140836.0
007 - CAMPO FIJO DE DESCRIPCIÓN FÍSICA--INFORMACIÓN GENERAL
campo de control de longitud fija t|
008 - DATOS DE LONGITUD FIJA--INFORMACIÓN GENERAL
campo de control de longitud fija 030116s1891 sp ||||1| spa d
100 1# - ENTRADA PRINCIPAL--NOMBRE DE PERSONA
Nombre de persona Azedo de la Berrueza, Gabriel.
9 (RLIN) 24283
245 10 - MENCIÓN DEL TÍTULO
Título Amenidades, florestas y recreos de la provincia de la Vera, alta y baja en la Extremadura /
Mención de responsabilidad, etc. por Gabriel Azedo de la Berrueza ; publicadas nuevamente por Juan Pérez de Guzmán y Boza.
260 ## - PUBLICACIÓN, DISTRIBUCIÓN, ETC.
Lugar de publicación, distribución, etc. Sevilla :
Nombre del editor, distribuidor, etc. [s.n.,
Fecha de publicación, distribución, etc. 1891] (
Fabricante E. Rasco)
300 ## - DESCRIPCIÓN FÍSICA
Extensión 137 p. ;
Dimensiones 23 cm.
700 1# - ENTRADA AGREGADA--NOMBRE PERSONAL
Nombre de persona Pérez de Guzmán y Boza, Juan,
Títulos y otros términos asociados al nombre Duque de T'Serclaes,
Fechas asociadas al nombre 1852-1934
9 (RLIN) 90776
852 ## - LOCALIZACIÓN
Ubicación ES-MaACL
Número de control de estantería G-1710
Holdings
Estatus retirado Estado de pérdida Estado de daño No para préstamo Colección Biblioteca de origen Biblioteca actual Ubicación en estantería Fecha de adquisición Fuente de adquisición Total de préstamos Signatura topográfica completa Código de barras Visto por última vez Precio de reemplazo Tipo de ítem Koha
        Libros del s. XIX Biblioteca del Ateneo de Madrid Biblioteca del Ateneo de Madrid Depósito 2 17/01/2008     G-1710 1028986 23/02/2023 23/02/2023 Libro impreso antiguo